000 00368nam a22001097a 4500
008 230621b xxu||||| |||| 00| 0 eng d
082 _a328.30
_bCPA
245 _aReport of the Executive Committee 1987-1988 and Report of Proceedings of the General Assembly Canberra, 1988
260 _aLondon
_bCommonwealth Parliamentary Association
300 _a103p
942 _2ddc
_cBK
999 _c2086
_d2086